| 000 | 00863nam a2200229 a 4500 | ||
|---|---|---|---|
| 005 | 20210223132424.0 | ||
| 008 | 140821s2010 mx r 000 0 spa d | ||
| 020 | _a9786074696295 (SEP) | ||
| 020 | _a9786079517328 (Etnobiología para la Conservación) | ||
| 035 | _aUPN01000198977 | ||
| 049 | _aCG | ||
| 050 | 4 |
_aQK49 _bH5.7 |
|
| 245 | 0 | 0 |
_aHistoria de plantas en el Valle de México / _ccoord. Ana Luisa Montes de Oca ; comp. Aarón Ulises Ramírez Flores ; il. Jaime Beltrán Romero. |
| 260 |
_aMéxico : _bSEP : _bEtnobiología para la Conservación, _c2010. |
||
| 300 |
_a55 p. : _bil. col. |
||
| 440 | 0 |
_aLibro del rincón. _pEspejo de urania |
|
| 650 | 4 |
_aPLANTAS - _vLITERATURA INFANTIL _91132 |
|
| 700 | 1 |
_aMontes de Oca Vega, Ana Luisa, _ecoord. _935904 |
|
| 700 | 1 |
_aRamírez Flores, Aarón Ulises, _ecomp. |
|
| 905 | _aLibro | ||
| 999 |
_c171078 _d171078 |
||